000 00483nam a2200205Ia 4500
008 240509s9999 xx 000 0 und d
020 _a9789387432291
041 _aEng
082 _a005.117
082 _bS13
100 _aSCHILDT,HERBERT
245 0 _aJava: The Complete Reference
250 _a10th ed.
260 _bIndia:McGraw Hill Education
260 _c2018
300 _a1304 p.
650 _aJava:Object Oriented Programming
942 _2ddc
942 _cRBK
999 _c23361
_d23361
945 _a1
_bMadushi Gamage
_c1
_dMadushi Gamage